Manual práctico para la evaluación de la generación y alternativas de disposición final de desechos sólidos ordinarios
Guardado en:
| 主要作者: | |
|---|---|
| 格式: | 圖書 |
| 出版: |
San José, Costa Rica
2001
|
| 主題: | |
| 標簽: |
添加標簽
沒有標簽, 成為第一個標記此記錄!
|
MARC
| LEADER | 00000nam a2200000Ia 4500 | ||
|---|---|---|---|
| 003 | 008857 | ||
| 005 | 20221231144049.0 | ||
| 008 | 140114s2001 cr a 000 ||s d | ||
| 040 | |c cru CEDI | ||
| 090 | |a TFG 5892 | ||
| 100 | |a Barrios Rodríguez, Orlando |9 3759 | ||
| 245 | |a Manual práctico para la evaluación de la generación y alternativas de disposición final de desechos sólidos ordinarios | ||
| 260 | |c 2001 |b San José, Costa Rica | ||
| 300 | |a viii, 127 hojas | ||
| 500 | |a Tesis (licenciatura en ingeniería química)--Universidad de Costa Rica. Facultad de Ingeniería. Escuela de Ingeniería Química | ||
| 650 | |x RESIDUOS SOLIDOS |x RELLENOS SANITARIOS |x BASURAS Y APROVECHAMIENTO DE BASURAS |x EDUCACION AMBIENTAL |9 3760 | ||
| 942 | |c TFG | ||
| 999 | |c 16343 |d 16343 | ||
